| 000 | 00525nam a22001577a 4500 | ||
|---|---|---|---|
| 008 | 220519b |||||||| |||| 00| 0 eng d | ||
| 020 | _a0385095511. | ||
| 050 | _aBL80.2.D35 1975 | ||
| 100 |
_aOliver, James and Scott, Christina _d1975. _951696 |
||
| 245 |
_aReligion and world history; _ba selection from the works of Christopher Dawson _cJames, Oliver and Christina Scott |
||
| 300 |
_a351p,; _c18cm. |
||
| 650 |
_areligious _951697 |
||
| 650 | _achurch history | ||
| 650 | _acivilization,modern | ||
| 942 |
_2lcc _cMONOGRAPH |
||
| 999 |
_c131470 _d131470 |
||